United States Code Service : (Record no. 619540)

MARC details
000 -LEADER
fixed length control field 00477nam a2200193 a 4500
008 - FIXED-LENGTH DATA ELEMENTS--GENERAL INFORMATION
fixed length control field 260416s2001##################000#0#eng##
020 ## - INTERNATIONAL STANDARD BOOK NUMBER
ISBN 9780327106654
082 04 - DEWEY DECIMAL CLASSIFICATION NUMBER
Classification number 348.7323
Item number UNI.15
100 1# - MAIN ENTRY--AUTHOR NAME
Personal name States, United,
245 10 - TITLE STATEMENT
Title United States Code Service :
260 ## - PUBLICATION, DISTRIBUTION, ETC. (IMPRINT)
Year of publication 2001.
300 ## - PHYSICAL DESCRIPTION
Number of Pages 776 pages
650 #0 - SUBJECT ADDED ENTRY--TOPICAL TERM
Topical Term Law.
942 ## - ADDED ENTRY ELEMENTS (KOHA)
Koha item type English Books
Holdings
Withdrawn status Lost status Damaged status Not for loan Home library Current library Shelving location Date acquired Full call number Accession Number Price effective from Koha item type
        Anna Centenary Library Anna Centenary Library 4TH FLOOR, A WING 16.04.2026 348.7323 UNI.15 478915 16.04.2026 English Books
        Anna Centenary Library Anna Centenary Library 4TH FLOOR, A WING 24.04.2026 348.7323 UNI.15 478922 24.04.2026 English Books

Find us on the map